header

Art of Islam (Record no. 56871)

MARC details
000 -LEADER
fixed length control field 01249nam a2200325Ia 4500
100 1# - MAIN ENTRY--AUTHOR NAME
Personal name Migeon, Gaston,
245 10 - TITLE STATEMENT
Title Art of Islam
260 ## - PUBLICATION, DISTRIBUTION, ETC. (IMPRINT)
Place of publication New York :
Name of publisher Parkstone International,
Year of publication c2009.
300 ## - PHYSICAL DESCRIPTION
Number of Pages 255 p. :
Other physical details col. ill., col. map.
500 ## - GENERAL NOTE
General note Text first published in French in 1907.
650 #0 - SUBJECT ADDED ENTRY--TOPICAL TERM
Topical Term Islamic art.
Topical Term Islamic architecture.
700 1# - ADDED ENTRY--PERSONAL NAME
Personal name Saladin, Henri,
856 40 - ELECTRONIC LOCATION AND ACCESS
Uniform Resource Identifier http://site.ebrary.com/lib/rucke/Doc?id=10622071

No items available.

© 2026 Rongo University
Contact us: librarian | system librarian | Rongo university